Love happens / (Record no. 11476)
[ view plain ]
| 000 -LEADER | |
|---|---|
| fixed length control field | 01047cam a22003253a 4500 |
| 001 - CONTROL NUMBER | |
| control field | 16414839 |
| 003 - CONTROL NUMBER IDENTIFIER | |
| control field | OSt |
| 005 - DATE AND TIME OF LATEST TRANSACTION | |
| control field | 20140310182256.0 |
| 008 - FIXED-LENGTH DATA ELEMENTS--GENERAL INFORMATION | |
| fixed length control field | 971229s1997 nyu j 000 1 eng d |
| 010 ## - LIBRARY OF CONGRESS CONTROL NUMBER | |
| LC control number | 00514619 |
| 020 ## - INTERNATIONAL STANDARD BOOK NUMBER | |
| International Standard Book Number | 0553492179 (pbk.) : |
| Terms of availability | $4.50 ($5.99 Can.) |
| 024 10 - OTHER STANDARD IDENTIFIER | |
| Standard number or code | 7678300450 |
| Additional codes following the standard number or code | 49217 |
| 024 30 - OTHER STANDARD IDENTIFIER | |
| Standard number or code | 780553492170 |
| Additional codes following the standard number or code | 50450 |
| 035 ## - SYSTEM CONTROL NUMBER | |
| System control number | (OCoLC)ocm38137464 |
| 040 ## - CATALOGING SOURCE | |
| Original cataloging agency | JED |
| Transcribing agency | JED |
| Modifying agency | OCL |
| -- | OCLCQ |
| -- | DLC |
| 050 00 - LIBRARY OF CONGRESS CALL NUMBER | |
| Classification number | PZ 7 |
| Item number | .C455 1998 |
| 082 ## - DEWEY DECIMAL CLASSIFICATION NUMBER | |
| Classification number | FIC |
| Item number | C36lh 1998 |
| 100 1# - MAIN ENTRY--PERSONAL NAME | |
| Personal name | Chandler, Elizabeth. |
| 9 (RLIN) | 20358 |
| 245 10 - TITLE STATEMENT | |
| Title | Love happens / |
| Statement of responsibility, etc | Elizabeth Chandler. |
| 260 ## - PUBLICATION, DISTRIBUTION, ETC. (IMPRINT) | |
| Place of publication, distribution, etc | New York : |
| Name of publisher, distributor, etc | Bantam Books, |
| Date of publication, distribution, etc | c1998. |
| 300 ## - PHYSICAL DESCRIPTION | |
| Extent | 205 p. : |
| Dimensions | 18 cm. |
| 490 1# - SERIES STATEMENT | |
| Series statement | Love stories super edition |
| 655 #7 - INDEX TERM--GENRE/FORM | |
| Genre/form data or focus term | Young adult fiction. |
| Source of term | lcsh |
| 9 (RLIN) | 3735 |
| 655 #7 - INDEX TERM--GENRE/FORM | |
| Genre/form data or focus term | Love stories. |
| Source of term | gsafd |
| 9 (RLIN) | 2799 |
| 710 2# - ADDED ENTRY--CORPORATE NAME | |
| Corporate name or jurisdiction name as entry element | Copyright Paperback Collection (Library of Congress) |
| Institution to which field applies | DLC |
| 9 (RLIN) | 705 |
| 830 #0 - SERIES ADDED ENTRY--UNIFORM TITLE | |
| Uniform title | Love stories (Bantam Books (Firm)). |
| Name of part/section of a work | Super edition. |
| 9 (RLIN) | 20359 |
| 906 ## - LOCAL DATA ELEMENT F, LDF (RLIN) | |
| a | 7 |
| b | cbc |
| c | copycat |
| d | 2 |
| e | ncip |
| f | 20 |
| g | y-genrareb |
| 942 ## - ADDED ENTRY ELEMENTS (KOHA) | |
| Source of classification or shelving scheme | Library of Congress Classification |
| Koha item type | |
| Withdrawn status | Lost status | Source of classification or shelving scheme | Damaged status | Home library | Current library | Shelving location | Date acquired | Total Checkouts | Total Renewals | Full call number | Barcode | Date last seen | Date checked out | Copy number | Price effective from | Koha item type |
|---|---|---|---|---|---|---|---|---|---|---|---|---|---|---|---|---|
| Library of Congress Classification | Luxembourg Library | Luxembourg Library | Fiction Section | 09/17/2013 | 5 | 8 | PZ 7 .C455 1998 | 10470 | 01/12/2015 | 12/04/2014 | 1 | 09/17/2013 | Books |